[Event "Werner-Ott-Open Kreuzberger Sommer 2018"]
[Site "Berlin"]
[Date "2018.06.30"]
[Round "1.12"]
[White "Kujawa, Werner"]
[Black "Kohler, Thomas"]
[Result "0-1"]
[WhiteElo "1725"]
[BlackElo "2147"]
[Annotator "Lange,A1&BB_R_640941"]
[PlyCount "52"]
[EventDate "2018.06.30"]
[EventType "swiss"]
[EventRounds "9"]
[EventCountry "GER"]
[SourceTitle "WOOKS_2018_R1"]
[Source "Andreas Lange"]
[SourceDate "2018.06.30"]
[SourceVersion "1"]
[SourceVersionDate "2018.06.30"]
[SourceQuality "1"]
[WhiteTeam "SV Motor Wildau"]
[BlackTeam "SC Zitadelle Spandau 1977"]
[WhiteTeamCountry "GER"]
[BlackTeamCountry "GER"]

{[%mdl 8192] B48: Sizilianisch (Paulsen-Variante)} 1. e4 c5 2. Nc3 e6 3. Nge2
a6 4. a4 Nc6 5. d4 cxd4 6. Nxd4 Qc7 7. Be3 Nf6 8. Be2 Bb4 9. f3 d5 10. Nxc6
bxc6 11. exd5 $146 (11. O-O Bb7 12. Bd3 O-O 13. Ne2 Bd6 14. g3 c5 15. Bg5 c4 {
0-1 (15) Kornath,H (1790)-Wasem,R (2025) Berlin SC Friesen Lichtenberg,
Lichtenberger Sommer 2006}) 11... Nxd5 12. Bd2 Bd6 13. Ne4 Bxh2 14. c4 Nf6 15.
Nxf6+ gxf6 16. Bc3 Bg3+ 17. Kd2 Be5 18. Qg1 Bxc3+ 19. bxc3 c5 20. a5 Rb8 21.
Qc1 Bd7 22. Qa3 $2 Qe5 23. Rhb1 Rd8 24. Ke1 Qg3+ 25. Kd1 Ba4+ 26. Kc1 Qe1+ 0-1

[Event "Werner-Ott-Open Kreuzberger Sommer 2018"]
[Site "Berlin"]
[Date "2018.06.30"]
[Round "1.13"]
[White "Federau, Juergen"]
[Black "Hecht, Jonas Christian"]
[Result "1-0"]
[WhiteElo "2127"]
[BlackElo "1721"]
[Annotator "Lange,A1&BB_R_640941"]
[PlyCount "109"]
[EventDate "2018.06.30"]
[EventType "swiss"]
[EventRounds "9"]
[EventCountry "GER"]
[SourceTitle "WOOKS_2018_R1"]
[Source "Andreas Lange"]
[SourceDate "2018.06.30"]
[SourceVersion "1"]
[SourceVersionDate "2018.06.30"]
[SourceQuality "1"]
[WhiteTeam "SC Kreuzberg"]
[BlackTeam "SC Kreuzberg"]
[WhiteTeamCountry "GER"]
[BlackTeamCountry "GER"]

{[%mdl 8256] D19: Damengambit (Slawische Verteidigung, Hauptvariante)} 1. d4 d5
2. c4 c6 3. Nf3 Nf6 4. Nc3 dxc4 5. a4 Bf5 6. e3 e6 7. Bxc4 Nbd7 8. O-O Bg6 9.
Qe2 Bb4 10. Rd1 O-O 11. Na2 Bd6 $146 (11... Be7 12. b3 Qa5 13. Bd2 Qh5 14. Bb4
Bxb4 15. Nxb4 c5 16. Na2 Be4 17. Nc3 Rfd8 18. Nxe4 Nxe4 19. Qb2 Ndf6 20. Bd3
Rac8 {½-½ (20) Wischhoefer,C (2151)-Von Rahden,A (2146), Oberliga Nord Ost
2006/07, Berlin 2006}) 12. b4 Rc8 13. Bb2 Nb6 14. Bb3 Nbd5 15. b5 cxb5 16. axb5
Qb6 17. Ne5 Bh5 18. f3 Rfd8 19. Re1 $2 a6 20. Nc4 $11 Qxb5 21. Nxd6 Qxe2 22.
Rxe2 Rxd6 23. e4 Nf4 24. Re3 Rb6 25. g3 Nh3+ 26. Kg2 Ng5 27. g4 Bg6 28. Rc1
Rxc1 29. Nxc1 h5 30. h4 Ngh7 31. g5 $14 Nd7 32. Rc3 f6 33. Rc8+ Ndf8 34. gxf6
gxf6 35. Ba3 Bf7 36. Bc5 Rb5 37. d5 exd5 $14 38. Bxd5 Bxd5 39. exd5 Rb2+ 40.
Kg3 Kf7 $2 41. Nd3 Rb1 $2 42. Rc7+ $18 Kg8 43. Nf4 b6 44. Be7 b5 $2 45. d6 Rd1
46. Rb7 Kh8 $4 47. Rb8 Kg7 48. Nxh5+ Kf7 $2 49. Nxf6 $1 Rd4 50. Nxh7 Nxh7 51.
Rb6 b4 52. Rxa6 b3 53. Rb6 Rd3 54. Kg4 Kg8 $4 55. h5 1-0

[Event "Werner-Ott-Open Kreuzberger Sommer 2018"]
[Site "Berlin"]
[Date "2018.06.30"]
[Round "1.14"]
[White "Katzenbach, Linus"]
[Black "Krefenstein, Sergej"]
[Result "0-1"]
[WhiteElo "1716"]
[BlackElo "2119"]
[Annotator "Lange,A1&BB_R_640941"]
[PlyCount "64"]
[EventDate "2018.06.30"]
[EventType "swiss"]
[EventRounds "9"]
[EventCountry "GER"]
[SourceTitle "WOOKS_2018_R1"]
[Source "Andreas Lange"]
[SourceDate "2018.06.30"]
[SourceVersion "1"]
[SourceVersionDate "2018.06.30"]
[SourceQuality "1"]
[WhiteTeam "SC Borussia Lichtenberg"]
[BlackTeam "TuS Makkabi Berlin"]
[WhiteTeamCountry "GER"]
[BlackTeamCountry "GER"]

{[%mdl 8192] B73: Sizilianisch (Drachen-Variante)} 1. e4 c5 2. Nf3 d6 3. d4
cxd4 4. Nxd4 Nf6 5. Nc3 g6 6. Be2 Bg7 7. O-O O-O 8. Be3 Nc6 9. h3 Bd7 10. Qd2
Rc8 (10... a6 11. a4 Rc8 12. Nf3 {Gnegel,B-Budnikov,A (2535) Berliner Sommer
1994 0-1 (35)}) 11. f4 a6 $146 (11... Na5 12. e5 Ne8 13. Nf3 b6 14. Rad1 Nc4
15. Bxc4 Rxc4 {Storch,E-Baumbach,F Gera DEM 1962 (DSV) 1-0 (32)}) 12. a3 Qc7
13. Nb3 Rfd8 14. Rad1 b5 15. Nd5 Qb7 $2 16. Na5 $18 Nxa5 17. Nxe7+ Kh8 18. Nxc8
Rxc8 19. Qxa5 Qxe4 $16 20. Qb6 Re8 21. Rf3 Nd5 $11 22. Rxd5 Qxd5 23. c3 Qc6 24.
Rf2 Kg8 25. Bf3 Qxb6 26. Bxb6 Bf5 27. Kh2 Be4 28. Bxe4 Rxe4 29. Rd2 Rxf4 30.
Rxd6 Be5 31. Rd8+ Kg7 32. Bd4 $4 Rxd4+ $19 0-1

[Event "Werner-Ott-Open Kreuzberger Sommer 2018"]
[Site "Berlin"]
[Date "2018.06.30"]
[Round "1.15"]
[White "Sommaro, Katja"]
[Black "Becker, Werner"]
[Result "1-0"]
[WhiteElo "2087"]
[BlackElo "1707"]
[Annotator "Lange,A1&BB_R_640941"]
[PlyCount "68"]
[EventDate "2018.06.30"]
[EventType "swiss"]
[EventRounds "9"]
[EventCountry "GER"]
[SourceTitle "WOOKS_2018_R1"]
[Source "Andreas Lange"]
[SourceDate "2018.06.30"]
[SourceVersion "1"]
[SourceVersionDate "2018.06.30"]
[SourceQuality "1"]
[WhiteTeam "SV Berolina Mitte"]
[BlackTeam "SV Koenigsee"]
[WhiteTeamCountry "GER"]
[BlackTeamCountry "GER"]

{[%mdl 8256] A22: Englische Eröffnung} 1. c4 e5 2. Nc3 Nf6 3. g3 Bc5 4. Bg2 d6
(4... c6 5. e3 O-O 6. Nge2 d6 7. O-O Nbd7 8. a3 a5 9. Rb1 Ba7 10. h3 d5 11.
cxd5 cxd5 12. Nb5 Bb8 13. b4 axb4 14. Rxb4 e4 15. Bb2 Ne5 16. Bxe5 Bxe5 17. Qb3
Bd7 18. Rc1 Qa5 19. Nec3 {Heinbuch,D (2375)-Lochte,T (2230) Berliner Sommer
1998 0-1}) 5. Na4 $146 (5. e3 Bg4 (5... c6 6. Nge2 Be6 {Bischof,A-Fliter,I
Torgelow DEM 1994 U11 1-0 (45)}) (5... a6 6. Nge2 O-O 7. O-O {Strick,G (1710)
-Kersten,M (1663) Berlin Klubmeisterschaft BSG Eckbauer 2015 ½-½ (38)}) 6.
Nge2 Qd7 7. Bxb7 c6 8. Bxa8 Bf3 {Lieder,G (1840)-Murat,A (1400) Berlin
Lichtenberger Sommer 2017 1-0 (49)}) 5... Nbd7 6. Nxc5 Nxc5 7. b4 Ne6 8. Bb2
O-O 9. e3 Qe7 10. Ne2 c6 11. O-O Nc7 12. f4 Bg4 13. h3 Bxe2 14. Qxe2 exf4 15.
Rxf4 Ne6 $4 16. Rxf6 $18 gxf6 17. Rf1 $4 f5 $16 18. Rxf5 f6 19. Qg4+ Qg7 20.
Qh4 Ng5 $2 21. b5 $18 Qg6 22. g4 Rac8 23. Bxf6 Ne6 $2 24. Qf2 $4 Rc7 25. Bc3
Rcf7 26. e4 Ng7 27. Qd4 c5 28. Qe3 h6 $2 29. Rxf7 $18 Rxf7 30. e5 Kf8 31. Bd5
Ne6 32. exd6 Qb1+ 33. Kh2 Qf1 34. Qxh6+ Ng7 1-0

[Event "Werner-Ott-Open Kreuzberger Sommer 2018"]
[Site "Berlin"]
[Date "2018.06.30"]
[Round "1.16"]
[White "Kreuchauf, Olaf"]
[Black "Zschaebitz, Klaus"]
[Result "1-0"]
[WhiteElo "1693"]
[BlackElo "2082"]
[Annotator "Lange,A1&BB_R_640941"]
[PlyCount "79"]
[EventDate "2018.06.30"]
[EventType "swiss"]
[EventRounds "9"]
[EventCountry "GER"]
[SourceTitle "WOOKS_2018_R1"]
[Source "Andreas Lange"]
[SourceDate "2018.06.30"]
[SourceVersion "1"]
[SourceVersionDate "2018.06.30"]
[SourceQuality "1"]
[WhiteTeam "SC Eintracht Berlin"]
[BlackTeam "BSG 1827 Eckbauer"]
[WhiteTeamCountry "GER"]
[BlackTeamCountry "GER"]

{[%mdl 8256] E06: Katalanisch} 1. c4 e6 2. g3 d5 3. Bg2 Nf6 4. Nf3 Be7 5. O-O
O-O 6. d4 c5 7. cxd5 $146 (7. dxc5 dxc4 (7... Bxc5 8. Qc2 Bb6 9. Rd1 Qc7 10.
Na3 Nbd7 11. b4 dxc4 12. Nxc4 Ng4 13. e3 Nde5 14. Nfxe5 Nxe5 15. Na3 Qxc2 16.
Nxc2 Ng6 17. Bb2 e5 18. Be4 f6 19. a4 Rb8 20. Ba3 Be6 21. b5 Rfd8 22. Bd6 {
Von Loehnysen,L (1991)-Kaiser,M (1890), Berlin, BSG 1827 Eckbauer, Eckbauer
Open 2001 ½-½ (46)}) 8. Qc2 Qc7 9. Qxc4 Bxc5 10. Be3 Na6 11. Bxc5 Qxc5 12.
Nbd2 Qxc4 13. Nxc4 Rb8 14. Nfe5 Nd7 15. Rfd1 Nxe5 16. Nxe5 f6 17. Nd7 Bxd7 18.
Rxd7 Nc5 19. Rc7 Rfc8 20. Rxc8+ Rxc8 21. Rc1 a5 {Strick,G (1827)-Kievelitz,B 
(2029) Berlin Eckbauer Open 2012 ½-½ (33)}) 7... Qxd5 8. Nc3 Qd8 9. Be3 Nbd7
10. h3 Qa5 11. Qa4 Qxa4 12. Nxa4 Nd5 13. Bd2 f5 14. Rac1 b6 15. dxc5 bxc5 16.
Ng5 $16 Rf6 $4 17. Nxe6 $1 $18 Bb7 18. Nexc5 Nxc5 19. Nxc5 Bc6 20. Bg5 Rg6 21.
Bxd5+ Bxd5 22. Bxe7 Re8 23. Bd6 Rxd6 24. e3 Bf3 25. Nb3 Be4 26. Nd4 g5 $2 27.
f3 Bd3 28. Rfe1 f4 $16 29. Nc2 Rh6 $4 30. Kg2 fxg3 $2 31. e4 Rb6 $2 32. b3 $18
Rf8 33. Ne3 Ra6 34. a4 Raf6 35. Nf5 h5 36. Kxg3 Ba6 37. Rc7 R8f7 38. Rec1 Be2
39. Rxf7 Rxf7 40. Nh6+ 1-0

[Event "Werner-Ott-Open Kreuzberger Sommer 2018"]
[Site "Berlin"]
[Date "2018.06.30"]
[Round "1.17"]
[White "Schulz, Hartmut"]
[Black "Tedesco, Gennaro"]
[Result "1-0"]
[WhiteElo "2080"]
[BlackElo "1688"]
[Annotator "Lange,A1&BB_R_640941"]
[PlyCount "105"]
[EventDate "2018.06.30"]
[EventType "swiss"]
[EventRounds "9"]
[EventCountry "GER"]
[SourceTitle "WOOKS_2018_R1"]
[Source "Andreas Lange"]
[SourceDate "2018.06.30"]
[SourceVersion "1"]
[SourceVersionDate "2018.06.30"]
[SourceQuality "1"]
[WhiteTeam "SC Rochade"]
[BlackTeam "SC Kreuzberg"]
[WhiteTeamCountry "GER"]
[BlackTeamCountry "GER"]

{[%mdl 8192] D61: Damengambit (Hauptvariante mit 7.Dc2)} 1. d4 d5 2. Nf3 Nf6 3.
c4 c6 4. Nc3 e6 5. Bg5 Be7 6. e3 Nbd7 7. Qc2 O-O 8. Rd1 b6 9. Bd3 $146 (9. cxd5
Nxd5 (9... cxd5 10. Bd3 Bb7 11. O-O Rc8 12. Qb1 h6 13. Bh4 Nh5 14. Bxe7 Qxe7
15. Rc1 Nhf6 16. a3 a6 17. b4 Rc7 18. Na4 Rfc8 19. Rxc7 Rxc7 20. Rc1 Qd6 21.
Rxc7 Qxc7 22. Qc2 Qxc2 23. Bxc2 Kf8 24. Kf1 {Schulz,H (2081)-Trostel,U (1879),
Offene BSenEM 2018 1-0 (51)}) 10. Bxe7 Qxe7 11. Nxd5 cxd5 12. Bd3 Nf6 13. O-O
Bd7 14. Qb3 Rfc8 15. Ba6 Rc7 16. Rc1 Bc8 17. Qa4 Bxa6 {½-½ (17) Kalinitschew,
S (2427)-Stern,R (2522) Berlin BEM 2014 Klasse M}) (9. Be2 Bb7 10. O-O Rc8 11.
Bf4 Nh5 12. Be5 Nxe5 13. dxe5 g6 14. cxd5 cxd5 15. Qa4 a6 16. Qb3 Qc7 17. Rc1
Bd8 18. Rc2 b5 19. a4 bxa4 20. Qxa4 Qa5 21. Ra1 Qxa4 22. Rxa4 a5 23. Nd4 Ng7 {
Rietze,C (2368)-Schmidt,F (1810) Berlin Lichtenberger Sommer 2016 1-0 (44)})
9... h6 10. Bh4 dxc4 11. Bxc4 b5 12. Be2 Bb7 13. O-O a6 14. Rd2 Qb6 15. Ne5
Rfe8 16. Nxd7 Nxd7 17. Bxe7 Rxe7 18. Ne4 Qc7 19. Rc1 Rc8 20. Nc5 Nxc5 21. Qxc5
Rd7 22. Bf3 Qd6 23. Rdc2 Qxc5 24. Rxc5 Rdc7 25. e4 Kf8 26. d5 Ke7 27. dxe6 fxe6
28. Kf1 Rd8 29. Ke1 Rcd7 30. R1c2 Rc7 31. e5 Rdc8 32. Be4 g5 33. Ke2 Kd7 34.
Ke3 Rf8 35. Bf3 Rf4 36. g3 Rf5 $2 37. Bg4 Rf8 38. Rd2+ Ke7 39. Rd6 h5 $4 40.
Rxe6+ Kd8 41. Rd6+ Ke7 42. Bxh5 Rh8 43. Bf3 Rxh2 44. Rg6 g4 45. Rxg4 Rh6 46.
Rg7+ Kd8 47. Rg8+ Ke7 48. Be4 Kf7 49. Rd8 Ke7 50. Rd2 Rd7 51. Rdc2 Rc7 52. f4
Kd7 53. f5 1-0

[Event "Werner-Ott-Open Kreuzberger Sommer 2018"]
[Site "Berlin"]
[Date "2018.06.30"]
[Round "1.18"]
[White "Fiedler, Ronald"]
[Black "Kather, Yannick"]
[Result "0-1"]
[WhiteElo "1663"]
[BlackElo "2053"]
[Annotator "Lange,A1&BB_R_640941"]
[PlyCount "60"]
[EventDate "2018.06.30"]
[EventType "swiss"]
[EventRounds "9"]
[EventCountry "GER"]
[SourceTitle "WOOKS_2018_R1"]
[Source "Andreas Lange"]
[SourceDate "2018.06.30"]
[SourceVersion "1"]
[SourceVersionDate "2018.06.30"]
[SourceQuality "1"]
[WhiteTeam "SpVg Laeufer Reinickendorf"]
[BlackTeam "SC Weisse Dame"]
[WhiteTeamCountry "GER"]
[BlackTeamCountry "GER"]

{[%mdl 8256] D87: Grünfeldindisch (Abtauschvariante, Botwinnik-Variante)} 1. d4
Nf6 2. c4 g6 3. Nc3 d5 4. cxd5 Nxd5 5. e4 Nxc3 6. bxc3 Bg7 7. Bc4 c5 8. Be3 O-O
9. Ne2 Nc6 10. d5 $146 (10. f3 Qc7 11. Rc1 Rd8 12. Qa4 Bd7 13. Qa3 cxd4 14.
cxd4 Qa5+ 15. Qxa5 Nxa5 16. Bd3 e6 17. Bg5 Rdc8 18. Kd2 b5 19. Be7 a6 20. h4 h5
21. g3 Nc6 22. Bc5 Be8 23. f4 Rd8 24. Ke3 Rab8 {Muse,D (2395)-Bart,S (2019), 2.
Bundesliga Nord 2012/13, Berlin 2013 ½-½ (60)}) (10. h4 Qa5 (10... cxd4 11.
cxd4 Na5 12. Bd3 Bg4 13. f3 Be6 14. d5 Bxa1 15. Qxa1 f6 16. h5 Bf7 17. hxg6
hxg6 18. Qb1 Qd6 19. Bd2 b6 20. Bb4 Qc7 21. e5 Qxe5 22. Bxg6 Qg5 23. Bh7+ Kg7
24. Rh3 Rh8 25. Rg3 {Lindinger,M (2250)-Albrecht,R (2260), 2. Bundesliga Nord
1997/98, Deutschland 1997 1-0 (31)}) 11. Kf1 b5 12. Bd5 Bb7 13. h5 e6 14. hxg6
exd5 15. gxh7+ Kh8 16. exd5 Ne7 17. d6 Nf5 18. dxc5 Nxe3+ 19. fxe3 Rae8 20. Qd2
Re5 21. Nd4 Rxc5 22. Kg1 Rg5 23. e4 Rg6 24. Re1 Rxd6 {Commercon,S (2262)
-Schreiner,P (2473), 1. Bundesliga 2017/18, Baden-Baden 2017 0-1}) 10... Na5
11. Bb3 b6 12. Rb1 Ba6 13. Qc2 Nc4 14. Bc1 Ne5 15. c4 b5 16. O-O bxc4 17. Ba4
Rb8 18. Bd2 $2 Rxb1 $19 19. Rxb1 c3 $1 20. Bxc3 Bd3 21. Qd1 Bxb1 22. Qxb1 Nd7
23. Qd3 Bxc3 24. Nxc3 Qc7 25. Qb5 $2 Ne5 26. f4 Ng4 27. e5 Rb8 28. Qd3 c4 29.
Qd4 Qa5 30. Qxc4 Qxc3 $3 0-1

[Event "Werner-Ott-Open Kreuzberger Sommer 2018"]
[Site "Berlin"]
[Date "2018.06.30"]
[Round "1.19"]
[White "Gebigke, Martin"]
[Black "Sondermann, Jonathan"]
[Result "1-0"]
[WhiteElo "2050"]
[BlackElo "1659"]
[Annotator "Lange,A1&BB_R_640941"]
[PlyCount "79"]
[EventDate "2018.06.30"]
[EventType "swiss"]
[EventRounds "9"]
[EventCountry "GER"]
[SourceTitle "WOOKS_2018_R1"]
[Source "Andreas Lange"]
[SourceDate "2018.06.30"]
[SourceVersion "1"]
[SourceVersionDate "2018.06.30"]
[SourceQuality "1"]
[WhiteTeam "SC Kreuzberg"]
[BlackTeam "SC Borussia Lichtenberg"]
[WhiteTeamCountry "GER"]
[BlackTeamCountry "GER"]

{[%mdl 8256] E94: Königsindisch (Klassisches System)} 1. d4 Nf6 2. c4 g6 3. Nc3
Bg7 4. e4 O-O 5. Nf3 d6 6. Be2 Nbd7 7. O-O e5 8. Be3 exd4 9. Nxd4 c6 $146 (9...
Nc5 {Bruemmel,A (2154)-Heldt,R (1922), Berlin, Lichtenberger Sommer 2015 1-0 
(72)}) (9... Qe7 10. f3 c6 {Muse,M (2485)-Hannebauer,T, Berliner Sommer 1993
1-0 (46)}) 10. Qd2 Nb6 11. Nc2 Re8 12. f3 Be6 13. b3 d5 14. e5 Nfd7 15. c5 Nc8
16. f4 f6 17. Nd4 fxe5 18. Nxe6 $14 Rxe6 19. Nxd5 Kh8 20. Bg4 Re8 $11 21. Rad1
Nf6 $4 22. Nxf6 $18 Qxf6 23. fxe5 Qxe5 24. Rf7 Kg8 25. Rxb7 Qxe3+ $4 26. Qxe3
Rxe3 27. Rd8+ Bf8 28. Bxc8 Re2 29. Be6+ $3 Rxe6 30. Rxa8 Re5 31. b4 Rd5 32. Kf2
Rd2+ 33. Kf3 Rd3+ 34. Ke4 Rd2 35. Ke3 Rd1 36. Rbxa7 Rb1 37. Rb7 Rc1 38. a4 Rf1
39. a5 Re1+ 40. Kf2 1-0

[Event "Werner-Ott-Open Kreuzberger Sommer 2018"]
[Site "Berlin"]
[Date "2018.06.30"]
[Round "1.20"]
[White "Zhou, Lepu Coco"]
[Black "Kirchhof, Arno"]
[Result "0-1"]
[WhiteElo "1641"]
[BlackElo "2041"]
[Annotator "Lange,A1&BB_R_640941"]
[PlyCount "124"]
[EventDate "2018.06.30"]
[EventType "swiss"]
[EventRounds "9"]
[EventCountry "GER"]
[SourceTitle "WOOKS_2018_R1"]
[Source "Andreas Lange"]
[SourceDate "2018.06.30"]
[SourceVersion "1"]
[SourceVersionDate "2018.06.30"]
[SourceQuality "1"]
[WhiteTeam "Schachpinguine Berlin"]
[BlackTeam "SC Zugzwang 95"]
[WhiteTeamCountry "GER"]
[BlackTeamCountry "GER"]

{[%mdl 8256] C19: Französische Verteidigung (Nimzowitsch-Variante)} 1. e4 e6 2.
d4 d5 3. Nc3 Bb4 4. e5 c5 5. a3 Bxc3+ 6. bxc3 Ne7 7. Bd3 Nbc6 8. Nf3 Qa5 9. O-O
$146 (9. Qd2 Bd7 10. dxc5 {½-½ (19) Kapr,K (2069)-Schatz,D (2224), Berlin,
Lichtenberger Sommer 2005}) (9. Bd2 Qa4 10. dxc5 Ng6 {Plump,D (2216)-Kutschke,
J (1975), Berlin, Lichtenberger Sommer 2015, ½-½ (49)} (10... Qa5 {0-1 (22)
Kropman,A (1960)-Schulz,P (2101) Berlin, Lichtenrader Herbst 2008})) 9... Bd7
10. Rb1 c4 11. Be2 O-O-O 12. Bd2 Nb8 13. Qc1 Ba4 14. Ng5 Rdf8 15. Bg4 Nd7 16.
f4 h6 17. Nf3 g6 18. Bh3 Rfg8 19. Be1 Nc6 20. Qb2 Qb6 21. Qxb6 axb6 22. Rb2 Ne7
23. g4 Kc7 24. Bg2 $14 f6 $2 25. exf6 $16 Nxf6 26. Ne5 g5 $4 27. fxg5 $18 Nd7
28. Nf7 Rh7 29. Bg3+ Kc6 30. Re1 e5 31. Nxe5+ Nxe5 32. Rxe5 Rxg5 33. Re6+ Kd7
34. Rd6+ Ke8 35. Rdxb6 Bc6 36. a4 Rxg4 37. a5 Rhg7 38. a6 bxa6 39. Rxa6 h5 40.
Rb8+ Kf7 41. Rh8 R4g5 42. Kf1 Bd7 43. Ke1 Ng6 44. Rb8 h4 45. Rb7 $4 Nf8 $11 46.
Be5 Rxg2 47. Bxg7 Kxg7 48. Rd6 Rxh2 49. Rbxd7+ Nxd7 $17 50. Rxd7+ Kg6 51. Rxd5
Rxc2 52. Rd6+ Kg5 53. Re6 h3 54. Re5+ Kf4 55. Rh5 h2 56. Kd1 Ra2 57. Kc1 h1=Q+
$1 58. Rxh1 Ra1+ 59. Kb2 Rxh1 60. Ka3 Rb1 61. Ka4 Ke4 62. Ka5 Rb3 0-1

[Event "Werner-Ott-Open Kreuzberger Sommer 2018"]
[Site "Berlin"]
[Date "2018.07.01"]
[Round "2.1"]
[White "Krueger, Robin Kevin"]
[Black "Stern, Rene"]
[Result "0-1"]
[WhiteElo "1942"]
[BlackElo "2510"]
[Annotator "Lange,A1&BB_R_640941"]
[PlyCount "72"]
[EventDate "2018.06.30"]
[EventType "swiss"]
[EventRounds "9"]
[EventCountry "GER"]
[SourceTitle "WOOKS_2018_R2"]
[Source "Andreas Lange"]
[SourceDate "2018.07.01"]
[SourceVersion "1"]
[SourceVersionDate "2018.07.01"]
[SourceQuality "1"]
[WhiteTeam "MTV Tostedt"]
[BlackTeam "SK Koenig Tegel 1949"]
[WhiteTeamCountry "GER"]
[BlackTeamCountry "GER"]

{[%mdl 8192] C56: Zweispringerspiel} 1. e4 e5 2. Nf3 Nc6 3. Bc4 Nf6 4. d4 exd4
5. e5 d5 6. Bb5 Ne4 7. Nxd4 Bd7 8. Bxc6 bxc6 9. O-O Bc5 10. f3 Ng5 11. Be3 f6
$146 (11... Ne6 12. f4 Nxd4 {Ehrenfried,S (2113)-Schalck,C, Berlin,
Lichtenberger Sommer 2005 1-0 (40)} (12... Qb8 13. f5 {Jones,G (2623)
-Mamedyarov,S (2736), Berlin Meierei Bolle, Blitz WM 2015, 1-0 (36)})) 12. f4
fxe5 13. fxg5 Qe7 14. Kh1 exd4 15. Bxd4 O-O-O 16. Nc3 Bb6 17. Qd3 Kb8 18. a4
Bc8 19. b4 Qxg5 20. a5 Bxd4 21. Qxd4 Rhe8 22. b5 Qe3 23. Qb4 c5 24. Qb2 Bb7 25.
b6 cxb6 26. axb6 a6 27. Na4 d4 28. Nxc5 Bxg2+ $18 29. Kxg2 Qg5+ 30. Kh1 Qd5+
31. Kg1 Qg5+ 32. Kh1 Qd5+ 33. Kg1 Qxc5 34. Rxa6 $4 Qg5+ 35. Kh1 Qd5+ 36. Kg1
Re2 0-1

[Event "Werner-Ott-Open Kreuzberger Sommer 2018"]
[Site "Berlin"]
[Date "2018.07.01"]
[Round "2.2"]
[White "Ahmadinia, Ebrahim"]
[Black "Matitschka, Heinz"]
[Result "1-0"]
[WhiteElo "2415"]
[BlackElo "1939"]
[Annotator "Lange,A1&BB_R_640941"]
[PlyCount "113"]
[EventDate "2018.06.30"]
[EventType "swiss"]
[EventRounds "9"]
[EventCountry "GER"]
[SourceTitle "WOOKS_2018_R2"]
[Source "Andreas Lange"]
[SourceDate "2018.07.01"]
[SourceVersion "1"]
[SourceVersionDate "2018.07.01"]
[SourceQuality "1"]
[WhiteTeam "SF Berlin 1903"]
[BlackTeam "TSG Oberschoeneweide"]
[WhiteTeamCountry "GER"]
[BlackTeamCountry "GER"]

1. c4 Nf6 2. Nc3 e6 3. e4 d5 4. e5 Ne4 5. Nf3 (5. Qc2 Nxc3 6. bxc3 c5 7. d4 Nc6
8. Nf3 cxd4 9. cxd4 dxc4 10. Bxc4 Nxd4 11. Nxd4 Qxd4 12. O-O Bd7 13. Rd1 Qxe5
14. Bb2 Qc7 15. Rac1 Bc6 16. Bb5 Rc8 17. Qc3 Rd8 {½-½ (17) Linde,W (2080)
-Lomineishvili,M (2295), Berliner Sommer 1995}) 5... Nc6 6. Qc2 Nb4 7. Qb1 Bd7
8. d3 Nxc3 9. bxc3 Nc6 10. d4 Be7 11. cxd5 exd5 12. Qxb7 Rb8 13. Qa6 O-O 14.
Be2 Rb6 15. Qd3 Na5 16. O-O Nc4 17. Nd2 Nxd2 18. Bxd2 Bb5 19. Qe3 Qd7 20. Bd3
Rfb8 21. Rfe1 Bxd3 22. Qxd3 Rb2 23. Bf4 a5 24. a4 R8b6 25. h3 R2b3 26. Re3 Rg6
27. Qc2 Rbb6 28. Rf3 Qc6 29. Bg3 Qe6 30. Rb1 Qd7 31. Rd1 Rgc6 32. Ra1 Rc4 33.
Bf4 Qc6 34. Bd2 Qg6 35. Qa2 Qe4 36. Re1 Qg6 37. Kh2 Qc6 38. Ra1 Qg6 39. Bf4 Qc6
40. Bd2 Qg6 41. Rg3 Qf5 42. Be3 Qd7 43. Qc2 Qc6 {(=)} 44. Bd2 Qd7 45. f4 f5 46.
exf6 Bxf6 47. Qd3 Re6 48. Qf5 Rd6 49. Qh5 Qf7 50. Qg4 Qe6 51. f5 Qf7 52. Qf3
Rb6 53. Qd3 Rb8 54. Bf4 Rc6 55. Re3 Re8 56. Rxe8+ Qxe8 57. Qb5 1-0

[Event "Werner-Ott-Open Kreuzberger Sommer 2018"]
[Site "Berlin"]
[Date "2018.07.01"]
[Round "2.3"]
[White "Dittrich, Tom"]
[Black "Malek, Daniel"]
[Result "0-1"]
[WhiteElo "1931"]
[BlackElo "2383"]
[Annotator "Lange,A1&BB_R_640941"]
[PlyCount "70"]
[EventDate "2018.06.30"]
[EventType "swiss"]
[EventRounds "9"]
[EventCountry "GER"]
[SourceTitle "WOOKS_2018_R2"]
[Source "Andreas Lange"]
[SourceDate "2018.07.01"]
[SourceVersion "1"]
[SourceVersionDate "2018.07.01"]
[SourceQuality "1"]
[WhiteTeam "SG Stadtilm"]
[BlackTeam "SK Zehlendorf"]
[WhiteTeamCountry "GER"]
[BlackTeamCountry "GER"]

{[%mdl 8192] C11: Französische Verteidigung} 1. e4 e6 2. d4 d5 3. Nc3 Nf6 4. e5
Nfd7 5. f4 c5 6. Nf3 Be7 7. Be3 b6 8. Be2 (8. Qd2 O-O {Lampe,D (2262)-Richter,
M (2511), 2. Bundesliga Nord 2014/15, Berlin 2015, 0-1 (49)} (8... Nc6 {
Kleinert,M (1888)-Albrecht,R (2038), Berlin, Offene BSenEM 2017, 0-1})) 8...
Nc6 $146 (8... O-O 9. O-O Bb7 {Roseneck,J (1910)-Acikel,M (1824), Willingen,
DEM 2015 U14, 1-0 (46)}) (8... Ba6 {Hellmann,N-Waldmann,H (2395), Oberliga
Nord Ost 1991/92, Deutschland 1992 1-0 (57)}) 9. O-O O-O 10. Kh1 f6 11. dxc5
Nxc5 12. Bb5 Bb7 13. Bxc6 Bxc6 14. f5 exf5 15. Nd4 Bb7 16. exf6 Bxf6 17. Rxf5
Qe7 18. Rf3 Rad8 19. Nce2 Nd7 20. Nf5 Qb4 21. Bd4 Ne5 22. Rb3 Qa4 23. Re3 Ng4
24. Rg3 Ne5 25. Re3 Rfe8 26. Rg3 Qd7 27. Qf1 Rf8 28. Bxe5 Bxe5 29. Rf3 Bxb2 30.
Ned4 Bxa1 31. Qxa1 Rf6 32. Rg3 Rdf8 33. Ne6 Qxe6 34. Rxg7+ Kh8 35. Rxb7 Qxf5
0-1